Byron /

Bibliographic Details
Main Author: Calder, Angus
Format: Book
Language:English
Published: Milton Keynes, England ; Philadelphia, PA, USA : Open University Press, 1987.
Series:Open guides to literature.
Subjects:

MARC

Tag First Indicator Second Indicator Subfields
LEADER 00000cam a22000008a 4500
001 in00000007735
005 20151002060025.0
008 870302s1987 enkc b 00110 eng
010 |a  87005764  
020 |a 0335150950 
020 |a 0335150861 (pbk.) 
035 |a (OCoLC)15628060 
035 |9 AAA0063AM 
040 |a DLC  |c DLC  |d m/c  |d TXA  |d UtOrBLW 
050 0 0 |a PR4388  |b .C33 1987 
100 1 |a Calder, Angus. 
245 1 0 |a Byron /  |c Angus Calder. 
264 1 |a Milton Keynes, England ;  |a Philadelphia, PA, USA :  |b Open University Press,  |c 1987. 
300 |a xiii, 97 pages :  |b portraits 
336 |a text  |b txt  |2 rdacontent 
337 |a unmediated  |b n  |2 rdamedia 
338 |a volume  |b nc  |2 rdacarrier 
490 1 |a Open guides to literature 
504 |a Bibliography: pages 89-94. 
500 |a Includes index. 
600 1 0 |a Byron, George Gordon Byron,  |c Baron,  |d 1788-1824  |x Criticism and interpretation. 
830 0 |a Open guides to literature. 
999 |a MARS 
999 f f |s 433ac27c-7ac9-3ff4-aa3d-be4cad6dd713  |i 77914bb4-9316-35b5-a3f3-aef4a6f564e4  |t 0 
952 f f |p normal  |a Texas A&M University  |b College Station  |c Sterling C. Evans Library  |d Evans: Library Stacks  |t 0  |e PR4388 .C33 1987  |h Library of Congress classification  |i unmediated -- volume  |m A14812603366 
998 f f |a PR4388 .C33 1987  |t 0  |l Evans: Library Stacks